000 005040000a22001810004500
003 MACL
005 20160228162127.0
008 160228b xxu||||| |||| 00| 0 eng d
040 _aMACL
_cMACL
041 _aHindi
082 _a800
100 _aशर्मा राजेन्‍द्र
_937941
245 _aसंगम
260 _bकनिष्‍क प्रकाशन
_c1985
_aनई दिल्‍ली
350 _a50
650 _aLiterature
_941415
942 _cHIN
_k800
_2ddc
999 _c28459
_d28459